000
00238nam a2200097 a 4500
005
20200930070459.0
008
110907s1709 000 spa d
245
0
_a
Varios prodigios de amor.
260
_a
Barcelona,
_c
1709.
999
_c
33226
_d
33226
040
_a
DO-SdBNP